Biggest Cities in "United" Countries - Statistics

General Stats
  • This quiz has been taken 119 times
  • The average score is 20 of 28
Answer Stats
Population Official Country Name City % Correct
8,870,000 United Kingdom of Great Britain and Northern Ireland London
100%
8,556,000 United Mexican States Mexico City
100%
8,538,000 United States of America New York City
100%
2,401,000 United Arab Emirates Dubai
98%
2,705,000 United States of America Chicago
97%
3,976,000 United States of America Los Angeles
97%
2,303,000 United States of America Houston
91%
1,141,000 United Kingdom of Great Britain and Northern Ireland Birmingham
90%
4,365,000 United Republic of Tanzania Dar es Salaam
89%
1,203,000 United Arab Emirates Abu Dhabi
88%
1,318,000 United States of America Dallas
88%
1,568,000 United States of America Philadelphia
87%
1,501,000 United Mexican States Guadalajara
85%
4,729,000 Republic of the Union of Myanmar Yangon
84%
1,615,000 United States of America Phoenix
79%
1,174,000 United Mexican States Monterrey
77%
1,407,000 United States of America San Diego
73%
1,386,000 United Mexican States Tijuana
70%
1,493,000 United States of America San Antonio
69%
1,025,000 United States of America San Jose
61%
1,498,000 United Mexican States Puebla
50%
1,398,000 United Mexican States Ciudad Juárez
49%
1,226,000 Republic of the Union of Myanmar Mandalay
48%
1,278,000 United Mexican States León
33%
1,275,000 United Arab Emirates Sharjah
30%
1,742,000 United Mexican States Ecatepec
20%
1,203,000 United Mexican States Zapopan
9%
1,158,000 United Mexican States Nezahualcóyotl
8%
No matching quizzes found
Score Distribution
Percent of People with Each Score
Percentile by Number Answered
Your Score History
You have not taken this quiz